Central Library and Information Centre
Sibsagar Girls' College, Sivasagar : Assam

PUBIC ADMINISTRATION (Record no. 4233)

MARC details
000 -LEADER
fixed length control field 00420cam a2200181ua 4500
008 - FIXED-LENGTH DATA ELEMENTS--GENERAL INFORMATION
fixed length control field 120410n1990 II |||gr||||Z||||||eng
040 ## - CATALOGING SOURCE
Original cataloging agency MAIN
041 ## - LANGUAGE CODE
-- English
082 ## - DEWEY DECIMAL CLASSIFICATION NUMBER
Classification number 351 AVA
100 ## - MAIN ENTRY--PERSONAL NAME
Personal name AVASTHI & MAHESWARI.
245 ## - TITLE STATEMENT
Title PUBIC ADMINISTRATION
250 ## - EDITION STATEMENT
Edition statement 16th.
260 ## - PUBLICATION, DISTRIBUTION, ETC.
Place of publication, distribution, etc. MEERUT
Name of publisher, distributor, etc. KEDARNATH RAMNATH
Date of publication, distribution, etc. 1990
300 ## - PHYSICAL DESCRIPTION
Extent 708:
Dimensions 20CM.
942 ## - ADDED ENTRY ELEMENTS (KOHA)
Koha item type Books
653 ## - INDEX TERM--UNCONTROLLED
Uncontrolled term Public administration
Holdings
Withdrawn status Lost status Damaged status Not for loan Collection code Home library Current library Shelving location Date acquired Total Checkouts Full call number Barcode Date due Date last seen Date last checked out Copy number Price effective from Koha item type Public note
        TBPSC Central Library and Information Centre Sibsagar Girls College Central Library and Information Centre Sibsagar Girls College Political Science Rack 06.06.1990 1 351 AVA 12553 29.04.2023 23.03.2023 23.03.2023 1 27.02.2020 Books  
        TBPSC Central Library and Information Centre Sibsagar Girls College Central Library and Information Centre Sibsagar Girls College POLITICAL SC BOOK RACK 06.06.1990   351 AVA 12554   27.02.2020   2 27.02.2020 Books V
        TBPSC Central Library and Information Centre Sibsagar Girls College Central Library and Information Centre Sibsagar Girls College POLITICAL SC BOOK RACK 06.06.1990   351 AVA 12555   27.02.2020   3 27.02.2020 Books V
        TBPSC Central Library and Information Centre Sibsagar Girls College Central Library and Information Centre Sibsagar Girls College POLITICAL SC BOOK RACK 06.06.1990   351 AVA 12556   27.02.2020   4 27.02.2020 Books V


Sibsagar Girl's College © 2020. All rights reserved.
Powered by Koha.
Maintained by Abhijit Borpuzari.